Countries Two Countries Away From Random Countries #2 - Statistics

General Stats
  • This quiz has been taken 57 times
    36 since last reset
  • The average score is 26 of 38
Answer Stats
Given Country Bordering Country Two-Away Country % Correct
Peru Brazil Guyana
92%
Papua New Guinea Indonesia Malaysia
92%
Peru Brazil Suriname
92%
Peru Brazil France
88%
Slovenia Italy France
88%
Israel Jordan Saudi Arabia
88%
Peru Brazil Uruguay
88%
Peru Brazil | Colombia Venezuela
88%
Papua New Guinea Indonesia East Timor
84%
Peru Bolivia | Brazil Paraguay
84%
South Africa Namibia Angola
76%
Peru Colombia Panama
76%
Israel Egypt Sudan
76%
South Africa Botswana | Mozambique | Namibia | Zimbabwe Zambia
76%
Peru Bolivia | Brazil | Chile Argentina
72%
Israel Jordan | Syria Iraq
72%
Israel Egypt Libya
72%
South Africa Mozambique Malawi
72%
South Africa Mozambique Tanzania
68%
Slovenia Croatia Bosnia and Herzegovina
64%
Israel Syria Turkey
64%
Slovenia Austria Germany
60%
Guinea Mali Niger
60%
Slovenia Austria | Hungary Slovakia
60%
Slovenia Austria | Italy Switzerland
60%
Slovenia Austria Czech Republic
56%
Guinea Senegal Gambia
56%
Guinea Ivory Coast Ghana
56%
Guinea Mali | Senegal Mauritania
56%
Slovenia Italy San Marino
56%
Slovenia Croatia | Hungary Serbia
56%
Slovenia Italy Vatican City
56%
Guinea Ivory Coast | Mali Burkina Faso
48%
Slovenia Austria Liechtenstein
48%
Slovenia Hungary Ukraine
48%
Slovenia Croatia Montenegro
44%
Slovenia Hungary Romania
44%
Guinea Mali Algeria
40%
No matching quizzes found
Score Distribution
Percent of People with Each Score
Percentile by Number Answered
Your Score History
You have not taken this quiz since the last reset